Monedas del mundo en un mapa - Estadísticas

Estadísticas generales
  • Esta prueba ha sido intentada 433 veces
  • La puntuación promedio es 126 de 196
Respuestas en el mapa
Las respuestas están codificadas por una escala verde-roja en el mapa de la prueba según el % correcto abajo.
 
Estadísticas de respuestas
País Moneda % Correcto
Panamá Balboa, Dólar estadounidense
100%
Australia | Nauru Dólar australiano
100%
Bahamas Dólar bahameño
100%
Belice Dólar beliceño
100%
Canadá Dólar canadiense
100%
Barbados Dólar de barbados
100%
Brunéi Dólar de Brunéi, Dólar de Singapur
100%
Kiribati Dólar de Kiribati, Dólar australiano
100%
Islas Salomón Dólar de las Islas Salomón
100%
Antigua y Barbuda | Dominica | Granada | +3 others Dólar del Caribe Oriental
100%
Singapur Dólar de Singapur, Dólar de Brunéi
100%
Trinidad y Tobago Dólar de Trinidad y Tobago
100%
Ecuador | Estados Federados de Micronesia | Estados Unidos | +4 others Dólar estadounidense
100%
El Salvador Dólar estadounidense, Bitcoin
100%
Fiyi Dólar fiyiano
100%
Guyana Dólar guyanés
100%
Jamaica Dólar jamaiquino
100%
Liberia Dólar liberiano
100%
Namibia Dólar namibio, Rand
100%
Nueva Zelanda Dólar neozelandés
100%
Surinam Dólar surinamés
100%
Tuvalu Dólar tuvaluano, Dólar australiano
100%
Alemania | Andorra | Austria | +23 others Euro
100%
Taiwán Nuevo dólar taiwanés
100%
Togo Franco CFA de África Occidental
99%
Argentina Peso argentino
99%
Chile Peso chileno
99%
Colombia Peso colombiano
99%
Cuba Peso cubano
99%
República Dominicana Peso dominicano
99%
Filipinas Peso filipino
99%
México Peso méxicano
99%
Uruguay Peso uruguayo
99%
Egipto Libra egipcia
93%
Reino Unido Libra esterlina
93%
Líbano Libra libanesa
93%
Siria Libra siria
93%
Sudán Libra sudanesa
93%
Sudán del Sur Libra sursudanesa
93%
Japón Yen
93%
Perú Sol
77%
Burundi Franco burundés
75%
Camerún | Chad | Gabón | +4 others Franco CFA de África Central
75%
Benín | Burkina Faso | Costa de Marfil | +3 others Franco CFA de África Occidental
75%
Comoras Franco comorense
75%
República Democrática del Congo Franco congoleño
75%
Guinea Franco guineano
75%
Ruanda Franco ruandés
75%
Liechtenstein | Suiza Franco suizo
75%
Yibuti Franco yibutiano
75%
Bielorrusia Rublo bielorruso
74%
Rusia Rublo ruso
74%
China Yuan
71%
Maldivas Rupia de Maldivas
69%
Mauricio Rupia de Mauricio
69%
Seychelles Rupia de Seychelles
69%
Sri Lanka Rupia de Sri Lanka
69%
India Rupia india
69%
Indonesia Rupia indonesa
69%
Nepal Rupia nepalí
69%
Pakistán Rupia pakistaní
69%
Bután Ngultrum, Rupia india
68%
Brasil Real
68%
Irán Rial iraní
67%
Omán Rial omaní
67%
Yemen Rial Yemení
67%
Camboya Riel
67%
Catar Riyal catarí
67%
Arabia Saudita Riyal saudí
67%
República Checa Corona checa
66%
Dinamarca Corona danesa
66%
Islandia Corona islandesa
66%
Noruega Corona noruega
66%
Suecia Corona sueca
66%
Venezuela Bolívar
62%
Turquía Lira turca
57%
Macedonia del Norte Denar macedonio
51%
Argelia Dinar algerino
51%
Baréin Dinar bareiní
51%
Irak Dinar iraquí
51%
Kuwait Dinar kuwaití
51%
Libia Dinar libio
51%
Serbia Dinar serbio
51%
Túnez Dinar tunecino
51%
Jordania Jordanian dinar
51%
Corea del Norte Won norcoreano
43%
Corea del Sur Won surcoreano
43%
Emiratos Árabes Unidos Dírham de los Emiratos Árabes Unidos
41%
Marruecos Dírham marroquí
41%
Guatemala Quetzal
38%
Paraguay Guaraní
36%
Moldavia Leu moldavo
35%
Rumania Leu rumano
35%
Bulgaria Lev
32%
Polonia Złoty
32%
Bolivia Boliviano
31%
Costa Rica Colón costarricense
28%
Bosnia y Herzegovina Marco bosnioherzegovino
28%
Lesoto Loti, Rand
27%
Somalia Chelín somalí
24%
Tanzania Chelín tanzano
24%
Uganda Chelín ugandés
24%
Tailandia Baht
22%
Kenia Chelín kenio
22%
Cabo Verde Escudo caboverdiano
22%
Honduras Lempira
18%
Esuatini Lilangeni, Rand
17%
Nicaragua Córdoba
16%
Hungría Forinto
16%
Sudáfrica Rand
16%
Afganistán Afgani
15%
Ucrania Grivna
15%
Albania Lek albanés
14%
Israel Nuevo séquel
14%
Kirguistán Som kirguís
13%
Uzbekistán Som uzbeko
13%
Vietnam Dong
11%
Armenia Dram
11%
Azerbaiyán Manat azerbaiyano
11%
Turkmenistán Manat turcomano
11%
Nigeria Naira
11%
Bangladés Taka
11%
Kazajistán Tenge
11%
Madagascar Ariary
10%
Etiopía Birr
10%
Angola Kwanza
10%
Malasia Ringgit
10%
Mongolia Tugrik
10%
Haití Gourde
9%
Laos Kip
9%
Georgia Lari
9%
Mozambique Metical
9%
Botsuana Pula
9%
Papúa Nueva Guinea Kina
8%
Myanmar Kyat
8%
Mauritania Uguiya
8%
Ghana Cedi
7%
Gambia Dalasi
7%
Santo Tomé y Príncipe Dobra
7%
Malaui Kwacha malauí
7%
Zambia Kwacha zambiano
7%
Sierra Leona Leone
7%
Eritrea Nakfa
7%
Tayikistán Somoni
7%
Samoa Tālā
7%
Tonga Paʻanga
5%
Vanuatu Vatu
5%
No se encontraron pruebas coincidentes
Distribución de puntuación
Porcentaje de gente con cada puntuación
Porcentaje por número respondido
Historial de tus puntuaciones
No has intentado esta prueba.